Представление документа в формате MARC21

Поле Инд. ПП Название Значение
Тип записи a
Библиографический уровень m
001 Контрольный номер b7d5f1cb3772498eac4360115c10cec6
005 Дата корректировки 20251015161828.0
020 a ISBN 978-5-00202-588-6
080 a Индекс УДК 339.137.22(075.8)
084 a Индекс другой классификации/Индекс ББК У291.3я7
090 x Авторский знак А 35
a Полочн. индекс У2
097 b Оператор *Ж*
097 b Оператор *Мал*
100 1_ a Автор Азарян А.А.
245 10 a Заглавие Бенчмаркинг
c Ответственность Донецкий национальный университет экономики и торговли имени Михаила Туган-Барановского, Факультет маркетинга и торгового дела
b Продолж. заглавия учебное пособие
260 a Место издания Донецк
c Дата издания 2024
b Издательство Донецкий национальный университет экономики и торговли имени Михаила Туган-Барановского
300 a Объем 152 с.
516 8_ a Прим. о типе комп. файла/ данных Текст : непосредственный
520 0_ a Аннотация Учебное пособие обеспечит качественную подготовку специалистов в современных рыночных условиях. Содержит теоретический материал по трем содержательным модулям и основным темам курса, контрольные вопросы, тесты для самоконтроля. В тематике пособия представлены темы в соответствии с программой курса "Бенчмаркинг". Пособие предназначено для студентов высших учебных заведений очной и заочной форм обучения направлений подготовки 38.03.01 Экономика и 38.03.06 Торговое дело программы ВО Бакалавриат.
653 0_ a Ключевые слова Бенчмаркинг
a Ключевые слова Маркетинг
a Ключевые слова Информационное обеспечение
a Ключевые слова Сравнительный анализ
a Ключевые слова Повышение качества
a Ключевые слова Премии качества
655 a Жанр/ форма (устаревшее) *У*
901 t Тип документа m
905 b Дата создания записи обработка 22.09.25
922 d Кафедра (список) Менеджмент
d Кафедра (список) Экономика и управление производством
952 e Факультет *ФУСК*
a Тип литературы для КСУ ВШ *У2*
990 h N записи в КСУ для Б/У (DOS) 63/2024
990 f Даты поступлений (DOS) 27.11.24
g Размещение заказа (DOS) пожертвование православного Прихода Успенского
j Количество экземпляров (DOS) 1
990 c Приоритет заказа (DOS) *д*